000 00680nam a2200229Ia 4500
003 OSt
005 20220923223616.0
006 a|||||r|||| 00| 0
007 ta
008 Pun
024 _a219,106
037 _cTextual
040 _aARTS
_cARTS
_bPun
041 _2Pun
_aPun
082 _aM16xN14, 153P2
100 _aਸੰਧੂ, ਗੁਲਗ਼ਾਰ ਸਿੰਘ
245 0 _aਨਵਯੂਗ ਟਕਸਾਲ
260 _aਅਮ੍ਰਿਤਸਰ
_b ਲੋਕ ਸਾਹਿਤ ਪ੍ਰਕਾFਨ
_c2002
300 _a144ਪੰ
_ccm.
942 _hM16xN14, 153P2
_cTEXL
_2CC
999 _c366440
_d366440